| 000 | 00430nam a2200181Ia 4500 | ||
|---|---|---|---|
| 005 | 20250423100358.0 | ||
| 008 | 250422s9999 xx 000 0 und d | ||
| 020 | _a0-07-462038-X | ||
| 050 | _aQA 76.64 .B35/ | ||
| 100 | _aBalagurusamy, E. | ||
| 245 | 0 | _aObject-Oriented Programming with C++ | |
| 260 | _aNew Delhi | ||
| 260 | _bTata McGraw-Hill | ||
| 260 | _c1995 | ||
| 300 | _a316 p | ||
| 650 | _aComputer | ||
| 942 | _cBK | ||
| 999 |
_c33127 _d33127 |
||